00662 2200253 4500001002100000005001500021035002500036090001800061245003300079260004400112300003100156007000300187008004100190020001800231040002200249082001400271084001600285100002000301440003300321650001200354850001200366990001500378990001500393YOGYA00000000001797820240828103055 a0010-081400000017696 aK 398.3 BAM d1 aDewi Nuya /cBambang Priyadi3 aJakarta :bElex Media Komputindo,c1996 a187 cm. :bilus. ;c18 cm.ta130726s1996 yoia g 0 1 ind d a979-663-122-9 aYOPDYOGbinderda04223a398.3 a398.3 BAM d aBambang Priyadi aSeri Cerita Rakyat Indonesia 4aDongeng aYOPDYOG a219-B/2000 a219-B/2000